000 01083nam a22003137a 4500
003 CHAP
005 20220329135802.0
008 971013s1994 r 00010 d
010 _a42089
011 _a43061
035 _a47191
040 _cCHAP
090 _aFolleto 14488
110 _aProyecto de Desarrollo Agrícola en Poblaciones Mineras en Zonas Aridas. Guerrero Negro, B.C.S.
_992494
245 _aResúmenes de investigación del Proyecto Agrícola, 1990-1993
260 _aGuerrero, Negro, B.C.S. :
_bEl Proyecto,
_c1994
300 _a36 p.
590 _aBATCH-UPD
_b10
_c20130110
_lUCH01
_h1638
590 _aBATCH-UPD
_b10
_c20130410
_lUCH01
_h1029
590 _aBATCH-UPD
_b10
_c20130914
_lUCH01
_h0321
590 _aCONVERSION
_b10
_c20130109
_lUCH01
_h1323
650 1 4 _aAgricultura
_xRegiones áridas.
_91781
650 1 4 _aFruticultura
_xRegiones áridas.
_943744
650 1 4 _aIrrigación
_xRegiones áridas.
_960478
650 1 4 _aSuelos
_xRegiones áridas.
_9110475
901 _aBK
942 _cFOLL
949 _aFolleto 14488
_bBC
_cCONG
_d-107307
_eCONG
_i47191
_si
999 _c42089
_d42089